Conversazioni con Testori /

Na minha lista:
Detalhes bibliográficos
Main Authors: Doninelli, Luca (Author), Testori, Giovanni (Author)
Formato: Livro
Idioma:Língua italiana
Publicado em: Parma : U. Guanda, \1993!
Colecção:Testi e documenti della Fenice
Assuntos:
Tags: Adicionar Tag
Sem tags, seja o primeiro a adicionar uma tag!

MARC

LEADER 00000nam a22000007i 4500
001 IT\ICCU\LO1\0311218
003 ItRI
005 20260115231928.0
008 931019s1993 it |||||| ||||| |||||c
020 |a 8877466421 
040 |b ita  |c importazione bologna sebina 
041 7 |a ita  |2 ISO-639-2 
082 |a 858.914  |9 SCRITTI MISCELLANEI ITALIANI. 1945-  |2 20 
100 1 |a Doninelli, Luca  |0 IT\ICCU\CFIV\105257  |4 aut 
245 1 0 |a Conversazioni con Testori /  |c Luca Doninelli. 
260 |a Parma :  |b U. Guanda,  |c \1993! 
300 |a 135 p. ;  |c 20 cm. 
650 7 |a Testori, Giovanni  |x Interviste  |2 scbi 
700 1 |a Testori, Giovanni  |0 IT\ICCU\CFIV\000737  |4 aut 
790 1 |a Testori, Gianni  |3 IT\ICCU\SBNV\003065  |z Testori, Giovanni 
830 0 |a Testi e documenti della Fenice  |0 IT\ICCU\CFI\0001620 
942 |2 ddc  |c BK  |n 0 
952 |0 0  |1 0  |4 0  |6 DOC_852_910000000000000_DON  |7 0  |9 16881  |a BO  |b BO  |d 2026-01-15  |i 4955  |l 0  |o DOC 852.910 DON  |p BO4955  |r 2026-01-15 23:19:29  |w 2026-01-15  |x [Sebina 5] [1 v.]  |y BK  |z 1 v. 
999 |c 14420  |d 14420